[Event "WchT 9th"]
[Site "Antalya"]
[Date "2013.11.27"]
[Round "2.1"]
[White "Nakamura, Hikaru"]
[Black "Kramnik, Vladimir"]
[Result "1-0"]
[WhiteElo "2786"]
[BlackElo "2793"]
[Annotator "Krasenkow,Michal"]
[PlyCount "99"]
[EventDate "2013.11.26"]
[EventType "team-tourn"]
[EventRounds "9"]
[EventCountry "TUR"]
[SourceTitle "CBM 158"]
[Source "ChessBase"]
[SourceDate "2014.01.16"]
[SourceVersion "1"]
[SourceVersionDate "2014.01.16"]
[SourceQuality "1"]
[WhiteTeam "US of America"]
[BlackTeam "Russia"]
[WhiteTeamCountry "USA"]
[BlackTeamCountry "RUS"]

1. d4 Nf6 2. c4 e6 3. Nc3 Bb4 4. Qc2 O-O 5. a3 Bxc3+ 6. Qxc3 d5 7. Nf3 dxc4 8. Qxc4 b6 9. Bg5 Ba6 10. Qc3 {A rare continuation in this popular line.} (10. Qa4 {and}) (10. Qc2 {are usually played. In the latter case after} Nbd7 11. Ne5 {doesn't promise anything due to} c5 $1 {, e.g.} 12. Nxd7 Qxd7 13. Bxf6 gxf6 14. dxc5 Rac8 15. Rd1 Qb5 16. e3 Qa5+ 17. Qd2 Qxd2+ 18. Rxd2 Bxf1 19. Rxf1 Rxc5 $11 {1/2 (64) Rotstein,A (2519)-Tischbierek,R (2507) Austria 2004}) ({RR} 10. Qc2 h6 11. Bh4 c5 12. e4 Bxf1 13. Rxf1 g5 14. Bg3 cxd4 15. Rd1 Qc8 16. Qe2 Qa6 17. Bxb8 Qxe2+ 18. Kxe2 Raxb8 19. Rxd4 Rbc8 20. Rfd1 Rc2+ 21. R1d2 Rfc8 22. Ne5 Rc1 23. Rd8+ Rxd8 24. Rxd8+ Kg7 {Morozevich,A (2771)-Topalov,V (2796) Nice 2009 1-0 (44)}) ({RR} 10. Qc2 Nbd7 11. Rd1 h6 12. h4 c5 13. dxc5 bxc5 14. Bxf6 gxf6 15. Qd2 Bb5 16. Qxh6 Qa5+ 17. b4 cxb4 18. Rh3 bxa3+ 19. Nd2 Ne5 20. Rg3+ Ng6 21. h5 Be8 22. hxg6 fxg6 23. Ra1 Rd8 24. Raxa3 Qxa3 {Martins,B (2337)-Yevchenko,A (2276) chess.com INT 2024 1-0 (31)}) ({RR} 10. Qa4 c5 11. dxc5 bxc5 12. Rd1 Qb6 13. Bxf6 gxf6 14. Rd2 Nc6 15. Qg4+ Kh8 16. Qh4 Kg7 17. Qg4+ Kh8 18. Qh4 Kg7 19. Qg4+ {½-½ (19) Carlsen,M (2772)-Kramnik,V (2759) Dortmund 2009}) 10... h6 (10... Nbd7 {is quite logical; White can play} 11. Ne5 (11. Qc6 Rc8 12. Rd1 Nb8 13. Qa4 Qd5 14. Bxf6 gxf6 15. h4 Bc4 16. Qb4 Bb3 17. Rd3 Bc2 18. Rd2 c5 $132 {1/2 (40) Shen,Y (2453)-Xu Yuhua (2485) JinZhou 2009}) {but it is hardly dangerous in view of} 11... Nxe5 ({the idea of 10.c3 is seen in the line} 11... c5 12. Nxd7 Qxd7 13. Bxf6 gxf6 14. dxc5 {[%cal Rc3f6]}) 12. dxe5 Ne4 13. Bxd8 Nxc3 {, e.g.} 14. Bxc7 (14. Bh4 Nd5) 14... Rfc8 15. Bd6 Ne4 {[%cal Rc8c2]} 16. f3 Nxd6 17. exd6 Rc2 18. e4 Bxf1 19. Rxf1 Rxg2 20. Rc1 Rd8 21. Rf2 Rg1+ 22. Rf1 Rg2 23. Rf2 Rg1+ 24. Rf1 Rg2 {1/2 (24) Shen,Y (2435)-Xu Yuhua (2488) Ulaanbaatar 2010}) 11. Bxf6 $1 (11. Bh4 $143 g5 12. Bg3 Ne4 13. Qc2 Qd5 14. Nd2 (14. Ne5 $5 $13) 14... Nxd2 15. Qxd2 Nc6 16. e3 Bxf1 17. Rxf1 Na5 $15 {1/2 (41) Maiorov,N (2538)-Lekic,D (2430) Anogia GRE 2013}) 11... Qxf6 12. g3 $5 (12. e3 Bxf1 13. Kxf1 c5 $1 $11) (12. Rc1 Bb7 (12... Rc8 13. e3 Bxf1 14. Kxf1) 13. e3 Nd7 14. Bb5 c6 15. Be2 c5 $11) 12... Bb7 $146 {A small inaccuracy. The bishop was putting pressure on the e2-square; there was no need to remove it.} (12... c5 {was quite possible and simple:} 13. dxc5 (13. Bg2 Nd7 14. Ne5 Rad8) 13... Qxc3+ 14. bxc3 Rc8 $1 15. Bg2 Bb7 16. cxb6 axb6 {, and Black's counterplay is enough for a draw}) ({RR} 12... c5 13. dxc5 Qxc3+ 14. bxc3 bxc5 15. Ne5 Bb7 16. f3 Nc6 17. Nd7 Rfc8 18. Rb1 Nd8 19. Ne5 f6 20. Nd3 c4 21. Nb4 Rab8 22. Bg2 a5 23. Nc2 Bc6 24. Kd2 Ba4 25. f4 Nc6 26. Rxb8 Rxb8 27. Ne3 {Cossin,S (2514)-Palac,M (2577) Drancy 2016 0-1 (56)}) ({RR} 12... Nd7 13. Ne5 Nxe5 14. dxe5 Qe7 15. Bg2 Rab8 16. Bc6 Qc5 17. Rc1 Rfd8 18. b4 Qd4 19. f4 Kf8 20. h4 Bb7 21. Qxd4 Rxd4 22. Kf2 h5 23. Ke3 Rdd8 24. Rc3 Bxc6 25. Rxc6 Rb7 26. Rhc1 Rd7 27. Kf3 {Le,Q (2710)-Aronian,L (2805) Tromsoe 2014 ½-½ (59)}) 13. Bg2 Na6 $6 {[%mdl 32] To the edge of the board?} (13... c5 14. O-O Nd7 {was still quite good.}) 14. O-O c5 15. Rac1 Rac8 (15... cxd4 16. Qxd4 Qxd4 (16... Qe7 17. b4) 17. Nxd4 Bxg2 18. Kxg2 {leads to a typical endgame, where White's knight, aiming at the c6 square, is stronger than Black's.}) 16. Ne5 cxd4 (16... Qe7 17. Rfd1 Rfd8 18. Qe3 $14 cxd4 $140 19. Rxc8 $1 Rxc8 20. Rxd4) 17. Qxd4 Bxg2 18. Kxg2 $14 {Here, too, White keeps the better prospects due to his stronger knight.} Nc5 19. b4 (19. Qe3 $5 Qe7 20. Rfd1 {[%cal Rb2b4] deserved attention. It was not easy for Black to release pressure. The text move leads to a more forced play, in which White keeps an edge, too.}) 19... Nb3 20. Rxc8 Rxc8 ({Also after} 20... Nxd4 21. Rxf8+ Kh7 22. Nxf7 Qf5 $1 {White keeps an edge with accurate play:} 23. f3 $1 (23. h4 Qe4+ 24. f3 Qxe2+ 25. Rf2 Qe1 $132) 23... Nxe2 (23... Qb5 $143 24. Rd8 Qxe2+ 25. Rf2 Qe3 26. h4 $16) 24. Re1 $1 Qc2 (24... Nd4 $2 25. Rh8+ Kg6 26. Ne5+) 25. Rh8+ Kg6 26. Ne5+ Kh5 (26... Kf6 27. Kf1 $1) 27. Kf1 $1 (27. Kh3 Qd2 $1 28. Rf1 Qe3 $13) 27... Nc1 28. Re4 Qd1+ 29. Kg2 Qc2+ 30. Kh3 $16 {[%csl Rh5]}) 21. Qd7 {[%csl Rb3]} Rf8 (21... Rd8 22. Qc7 {[%cal Re5f7]} Rd2 (22... Nd4 23. Rd1) 23. Nd7 $16) 22. f4 $16 {Black's main trouble is his ill-fated knight.} Qf5 23. Rf3 Qc2 24. Qd3 $1 Qxd3 25. Rxd3 {[%mdl 4096]} Nc1 26. Rd2 (26. Rd7 $5 Nxe2 27. Rxa7 $16 {was more energetic - White has more active pieces and a potential passed a-pawn.}) 26... Rc8 (26... Nb3 27. Rd7 a5 28. Rb7) 27. h4 h5 28. b5 Rc7 29. Nc6 Kh7 (29... Nb3 30. Rd8+ Kh7 31. Ra8 {. With the text move Black parries this threat but now his knight doesn't come out.}) 30. Rb2 $1 a5 {After this move the b6 pawn becomes weak but passive defence was hardly more stubborn:} (30... f6 31. Kf2 Rd7 32. Ke3 Kg6 33. Rb4 {[%cal Yb4a4,Ya4a7]}) (30... a6 $2 {loses due to} 31. Rc2 {[%cal Rc2c1,Rb5a6]}) 31. Kf2 Rd7 32. Ne5 Rc7 33. Rd2 (33. Ke3 $5) 33... f6 34. Nd7 {[%cal Rd7b6,Rd7f8]} Nb3 35. Nf8+ (35. Rd1 $6 Nc5 36. Nxb6 Rb7) ({The rook ending after} 35. Rd6 Nc5 36. Nxc5 Rxc5 37. Rxb6 Rc3 {gives Black good drawing chances}) 35... Kg8 36. Rd7 Rxd7 $2 {The knight endgame with an extra pawn is completely winning for White.} (36... Rc3 $1 {was a must, and Black should apparently survive:} 37. Nxe6 Nc5 38. Rxg7+ (38. Nxc5 Rxc5 39. a4 Rc4 40. Rb7 Rxa4 41. Rxb6 Rb4) 38... Kh8 39. Re7 Ne4+ 40. Kf1 Nxg3+ 41. Ke1 Rxa3 {etc.}) 37. Nxd7 Nd4 (37... a4 38. Ke3 $18) 38. a4 $1 Nxb5 {Desperation. Black's a-pawn will be stopped.} 39. axb5 a4 40. Nc5 $1 a3 41. Nb3 a2 42. Ke3 Kf7 43. Kd4 Ke7 44. e4 {[%cal Yd4c3,Yc3b2]} e5+ 45. fxe5 Ke6 46. Na1 fxe5+ 47. Kc3 g5 (47... Kd6 48. Nb3) 48. Kb2 gxh4 49. gxh4 Kd6 50. Nb3 1-0

[Event "Corus-B"]
[Site "Wijk aan Zee"]
[Date "2004.01.13"]
[Round "3"]
[White "Nakamura, Hikaru"]
[Black "Lobron, Eric"]
[Result "1-0"]
[WhiteElo "2571"]
[BlackElo "2497"]
[PlyCount "65"]
[EventDate "2004.01.10"]
[EventType "tourn"]
[EventRounds "13"]
[EventCountry "NED"]
[EventCategory "13"]
[SourceTitle "CBM 099"]
[Source "ChessBase"]
[SourceDate "2004.03.30"]
[SourceVersion "1"]
[SourceVersionDate "2004.03.30"]
[SourceQuality "1"]

1. d4 Nf6 2. c4 e6 3. Nc3 Bb4 4. e3 O-O 5. Nge2 d5 6. a3 Bd6 7. c5 Be7 8. b4 b6 9. Nf4 bxc5 ({RR} 9... c6 10. Bb2 Nbd7 11. Be2 Qc7 12. O-O bxc5 13. bxc5 e5 14. dxe5 Nxe5 15. Qd4 Ned7 16. Na4 Re8 17. Rac1 Bf8 18. f3 Rb8 19. Bc3 Rb3 20. Ra1 Qb8 21. Rfc1 Ne4 22. Bb4 Ng5 23. Rc3 Rxc3 24. Bxc3 {Gelfand,B (2733)-Kramnik,V (2785) Monte Carlo 2011 0-1 (44)}) 10. bxc5 c6 11. Be2 Qc7 ({RR} 11... e5 12. dxe5 Nfd7 13. e6 Nxc5 14. exf7+ Rxf7 15. O-O Nbd7 16. Na4 Rb8 17. Bd2 a5 18. Rc1 Bd6 19. g3 Kh8 20. Be1 Nxa4 21. Qxa4 Nb6 22. Bxa5 Nxa4 23. Bxd8 Bxf4 24. gxf4 Bh3 25. Bh4 Bxf1 26. Kxf1 {Richardson,J (2213)-Eggleston,D (2406) Telford 2018 1-0 (43)}) 12. Nd3 $146 ({RR} 12. O-O Nbd7 13. Nd3 e5 14. dxe5 Nxe5 15. Nxe5 Qxe5 16. Bb2 Rb8 17. Qc1 Bg4 18. f4 Qe6 19. Bxg4 Nxg4 20. Nd1 Bf6 21. Bxf6 Nxf6 22. Nc3 Qe7 23. Ne2 Ne4 24. Nd4 Rfc8 25. Qc2 Nxc5 26. Nf5 Qf8 {Luz,A (1885)-Feliciano Ebert,V (2252) Praia da Pipa 2014 0-1 (46)}) 12... Ba6 13. O-O Nbd7 14. Rb1 Bc4 15. Bd2 Rfb8 16. Rxb8+ Rxb8 17. Nb4 Bxe2 18. Qxe2 Rb7 19. f3 a5 20. Nd3 Rb3 21. Qd1 Qb7 22. Qc2 Bd8 23. a4 Nb8 24. e4 Bc7 25. e5 Nfd7 26. f4 g6 27. Rc1 Qa6 28. Nb5 Rxb5 29. axb5 cxb5 30. c6 Nb6 31. f5 Nc4 32. fxe6 fxe6 33. Bh6 1-0

[Event "Titled Tue 12th Mar Early"]
[Site "chess.com INT"]
[Date "2024.03.12"]
[Round "8"]
[White "Nakamura, Hi"]
[Black "Martinez Alcantara, Jose Eduardo"]
[Result "1-0"]
[WhiteElo "2789"]
[BlackElo "2603"]
[PlyCount "57"]
[EventDate "2024.03.12"]

1. d4 Nf6 2. c4 e6 3. Nc3 Bb4 4. Qc2 d6 5. e4 c5 6. a3 Bxc3+ 7. bxc3 Nc6 8. Nf3 e5 9. d5 Ne7 10. g3 ({RR} 10. Be2 O-O 11. O-O Ne8 12. Ne1 Ng6 13. f4 Nxf4 14. Bxf4 exf4 15. Rxf4 Qe7 16. Bd3 Nf6 17. Nf3 Ng4 18. e5 dxe5 19. Bxh7+ Kh8 20. Re1 g6 21. Bxg6 fxg6 22. Rxf8+ Qxf8 23. Qxg6 Bf5 24. Qh5+ Nh6 {Neumeier,L (2357)-Tomczak,J (2595) Germany 2015 0-1 (37)}) 10... O-O 11. Bg2 h6 12. O-O Nh7 $146 ({RR} 12... Nh5 13. Ne1 Ng6 14. Qe2 Nf6 15. Nd3 Re8 16. Bd2 b6 17. Rae1 Ba6 18. Nb2 Kh7 19. Qd3 Rb8 20. a4 Kg8 21. f4 Qd7 22. f5 Nh8 23. Qf3 Nh7 24. h4 f6 25. g4 Nf7 26. Bh3 Kf8 27. Kh2 {Kovacic,P-Potocnik,P (2225) Ljubljana 1993 ½-½ (34)}) 13. Nh4 Ng6 14. Nxg6 fxg6 15. f4 exf4 16. gxf4 g5 17. e5 Bf5 18. Qe2 gxf4 19. e6 Qf6 20. Bxf4 Qxc3 21. Bxd6 Bd3 22. Qe3 Rxf1+ 23. Rxf1 Qxc4 24. Rc1 Qd4 25. Qxd4 cxd4 26. Be5 Bf5 27. Bxd4 Nf6 28. Bxf6 gxf6 29. Rc7 1-0

[Event "Santo Domingo op"]
[Site "Santo Domingo"]
[Date "2003.11.30"]
[Round "5"]
[White "Nakamura, Hikaru"]
[Black "Milov, Vadim"]
[Result "0-1"]
[WhiteElo "2565"]
[BlackElo "2574"]
[Annotator "Milov,Vadim"]
[PlyCount "58"]
[EventDate "2003.11.27"]
[EventType "swiss"]
[EventRounds "10"]
[EventCountry "DOM"]
[SourceTitle "CBM 097 Extra"]
[Source "ChessBase"]
[SourceDate "2004.01.13"]
[SourceVersion "1"]
[SourceVersionDate "2004.01.13"]
[SourceQuality "1"]

1. d4 Nf6 2. c4 e6 3. Nc3 Bb4 4. Qc2 O-O 5. a3 Bxc3+ 6. Qxc3 d6 7. Bg5 Nbd7 8. e3 b6 9. Ne2 {this strange looking move has become popular now and it occurred (with a slightly move order) in the 2 recent Kasparov`s games.} ({Both} 9. Bd3) ({and} 9. Nf3 {look normal and natural and lead to the well-knoown positions.}) 9... Bb7 ({RR} 9... Ba6 10. Qc2 c5 11. Rd1 h6 12. Bh4 Rc8 13. Qa4 Bb7 14. Nc3 cxd4 15. Rxd4 Nc5 16. Qd1 Qe7 17. b4 Ncd7 18. Nb5 d5 19. cxd5 Bxd5 20. Nxa7 Ra8 21. Nb5 Ne5 22. e4 Bc6 23. Bg3 Nfd7 24. Be2 {Gelfand,B (2736)-Kramnik,V (2785) Moscow 2007 ½-½ (38)}) 10. Qd3 ({After} 10. Qc2 c5 {the white queen could become vulnerable on the "c"-file.}) ({RR} 10. Qc2 c5 11. Rd1 Qc7 12. Nc3 a6 13. Bd3 h6 14. Bxf6 Nxf6 15. O-O Rac8 16. d5 exd5 17. cxd5 b5 18. Bf5 Rce8 19. Rd2 Re5 20. e4 g6 21. f4 Ree8 22. e5 dxe5 23. fxe5 Qxe5 24. Bxg6 b4 {Korchynskyi,M (2263)-Zhigalko,S (2572) chess.com INT 2024 0-1 (31)}) 10... a5 $5 $146 {As far as I know, the new idea in this position. Instead of playing in the centre by e6-e5 or c7-c5, Black intends to put his pawn on a4 first and activate the rook on a8.} (10... h6 11. Bh4 c5 12. Nc3 Qe7 13. Be2 cxd4 14. Qxd4 (14. exd4 $5) 14... e5 15. Qd1 Bxg2 16. Rg1 Bc6 {with the unclear position in Bareev,E-Karpov,A/Cap d'Agde 2002}) (10... Ba6 11. b4 (11. Nc3 d5 12. Qc2 Bxc4 13. Bxc4 dxc4 14. Qa4 h6 15. Bh4 c5 {led to equality in Ivanchuk,V-Kasparov,G Rethymnon 2003}) 11... c5 12. b5 Bb7 13. Nc3 a6 14. f3 h6 15. Bh4 Qe7 16. Be2 {with a slight advantage for White , Kasparov,G-Grischuk,A Rethymnon 2003}) ({RR} 10... Be4 11. Qd2 Bg6 12. Nc3 e5 13. Be2 Re8 14. O-O h6 15. Bh4 Ne4 16. Bxd8 Nxd2 17. Bxc7 exd4 18. exd4 Rxe2 19. Nxe2 Nxf1 20. Kxf1 Rc8 21. Bxd6 Rxc4 22. Rc1 Rxc1+ 23. Nxc1 f6 24. Na2 Kf7 25. Nc3 {Nakamura,H (2601)-Benjamin,J (2566) New York 2004 ½-½ (71)}) 11. Nc3 (11. b3 $5 {was worth consideration although it meant that White couldn`t castle long anymore which is important as a part of the White`s plan. It could follow, for example:} h6 12. Bh4 c5 13. Nc3 Qe7 {with the idea 14...cd and 15...e5.}) 11... a4 {Now the rook a8 is ready to come into play.} 12. Qc2 $146 ({RR} 12. Be2 Ra5 13. Bxf6 Qxf6 14. O-O Qg5 15. f3 c5 16. Bd1 cxd4 17. exd4 Rfa8 18. Bc2 Nf6 19. Qe2 d5 20. cxd5 Nxd5 21. Nxd5 Qxd5 22. Rfd1 Qd6 23. Rac1 Rh5 24. h3 g6 25. Be4 Bd5 26. Bxd5 Rxd5 {Sutter,O (2402)-Pelletier,Y (2621) Switzerland 2005 0-1 (40)}) ({RR} 12. Be2 Ra5 13. Bh4 Bxg2 14. Rg1 Qa8 15. Bxf6 Nxf6 16. d5 exd5 17. Qd4 dxc4 18. f3 Bxf3 19. Qxf6 Bg2 20. Qf2 Be4 21. Qg3 g6 22. O-O-O Re5 23. Rd4 Bc6 24. Rh4 Qe8 25. Qf4 f5 26. Qh6 Qf7 {Witek,T (2125)-Winski,L (2045) Warsaw 2008 1-0 (36)}) 12... Ra5 {with a tempo!} 13. Bxf6 {Giving up the bishop and the hopes for the opening advantage.} ({But also in case of} 13. Bh4 Qa8 $1 {The queen escapes to a good square. The pawn on a4 is protected and Black, having a very flexible position, can start to play in the centre by choosing between e6-e5, d6-d5 and c7-c5.} 14. f3 d5 $5 {with a good position for Black.}) 13... Nxf6 14. Nxa4 $6 ({Safer was not to give the g2-pawn:} 14. f3 Qd7 15. Bd3 d5 16. O-O {with approximately equal chances.}) 14... Be4 {...first chasing the queen to a less good square.} 15. Qd1 Qa8 {...and now taking a pawn back.} 16. Nc3 ({or} 16. f3 Rxa4 17. fxe4 Qa5+ $1 (17... Nxe4 18. Bd3 f5 19. O-O Nf6 {is also possible but 17...Qa5 is stronger}) 18. b4 (18. Qd2 Qg5 19. Bd3 Nxe4 $17) 18... Qg5 19. Qf3 (19. Qxa4 Qxe3+ $19) 19... Rfa8 {White has too many weaknesses} 20. h4 Qg6 21. Bd3 Rxa3 22. Rd1 e5 {with a big advantage}) 16... Bxg2 17. Rg1 Bxf1 18. Kxf1 Rf5 $15 {due to uncertain position of the white king Black has a small advantage.} 19. Rg2 g6 (19... c5 $5) 20. Kg1 {this wasn`t necessary} ({may be it was better to take more control in the centre by playing} 20. Qd3) 20... Ne4 21. Nxe4 Qxe4 22. Rc1 c5 {Finally starting a counterplay in the centre. White`s problem is that the rook g2 has to protect the king and can`t fully participate in the upcoming developments on the other parts of the board.} 23. Rg4 Qc6 24. b4 (24. e4 {looks active but after} Rh5 25. Rg3 Rh4 26. d5 Qd7 {Black is ready to start an active play on the kingside whereas the white pawns on the queenside are passive.}) 24... Ra8 25. b5 Qb7 (25... Qc7 26. a4 (26. Rc3 cxd4 27. Qxd4 (27. exd4 $2 Rxb5) 27... Rc5)) 26. a4 {allows Black to activate his pieces.} (26. e4 Rh5 27. dxc5 (27. Rc3 cxd4 $1 28. Qxd4 Qc7 {and the white pawns are weak}) 27... dxc5 28. Rc3 {White keeps control over all his pawns and the important "d"-file and has good chances to hold the balance, for example:} Re5 29. f3 Qe7 30. Rd3 Rg5 (30... f5 $5) 31. Rg3 $11) 26... h5 27. Rg3 Qe4 $17 28. Rc3 $2 {A blunder but the position was already very difficult anyway.} (28. dxc5 Rxc5 29. Qxd6 Rxa4 30. Qxb6 Rcxc4 31. Rd1 Rab4 $17) 28... cxd4 29. f3 ({or} 29. exd4 Rxa4 $1 30. Qxa4 (30. Rce3 Qa8) 30... Qe1+ 31. Kg2 Rxf2+ 32. Kh3 Qf1+ 33. Kh4 Rf4+ 34. Kg5 Kg7 {with mate}) 29... Rxf3 {and Hikaru resigned as he loses too many pawns.} 0-1